Elektronické služby verejnej správy v SR bakalárska práca

Na minha lista:
Detalhes bibliográficos
Autor principal: Barcziová, Radka
Autor Corporativo: Národohospodárska fakulta EU. Katedra verejnej správy a regionálneho rozvoja
Outros Autores: Pástor, Rudolf
Formato: Livro
Idioma:eslovaco
Publicado em: Bratislava 2013
Tags: Adicionar Tag
Sem tags, seja o primeiro a adicionar uma tag!

MARC

LEADER 00000nbm a2200000 4500
001 0176136
005 20170209090316.7
041 0 |a slo 
044 |a SK 
245 1 0 |a Elektronické služby verejnej správy v SR  |b bakalárska práca  |c Radka Barcziová ; školiteľ: Rudolf Pástor 
264 1 |a Bratislava  |c 2013 
300 |a 44 s. 
100 1 |a Barcziová, Radka 
700 1 |a Pástor, Rudolf 
710 2 |a Národohospodárska fakulta EU. Katedra verejnej správy a regionálneho rozvoja